Eutanázia verzus hospicová starostlivosť o zomierajúcich a ich rodiny v súčasnom sociálnom prostredí v Slovenskej republike

Bibliographic Details
Main Author: Franzenová, Iveta, 1966- (Author)
Format: Book
Language:Slovak
PhysicalDescription:99 s. tab., sch. 21 cm
Published: Ružomberok Verbum 2010
ISBN:9788080846329
Subjects:

MARC

LEADER 00000cam a2200000 a 4500
001 vtls010327877
003 SK-MaSNL
005 20260426002606.0
008 240318s2010 xo l 000 0 slo
015 |a SNBA2012/02-00876 
020 |a 9788080846329  |q (brož.) 
035 |a 1F825E29-CE71-41C1-A5FC-C2D1C439088A 
035 |a urn:nbn:sk:snk-amjj81 
035 |a urn:nbn:sk:snk-am001zdw 
040 |a SNK  |b slo  |c SNK  |e AACR2 
041 0 |a slo 
043 |a e-xo--- 
044 |a xo  |c SK 
072 7 |a 17  |x Etika. Morálna filozofia  |2 konspekt 
080 |a 179.7  |2 2001 
080 |a 364-58  |2 2001 
080 |a 616-036.88-05  |2 2001 
080 |a (048.8)  |2 2001 
100 1 |a Franzenová, Iveta,  |d 1966-  |4 aut  |9 359632 
245 1 0 |a Eutanázia verzus hospicová starostlivosť o zomierajúcich a ich rodiny v súčasnom sociálnom prostredí v Slovenskej republike  |c Iveta Franzenová 
260 |a Ružomberok  |b Verbum  |c 2010 
300 |a 99 s.  |b tab., sch.  |c 21 cm 
504 |a Bibliogr. s. 90-98. Bibliogr. odkazy. Zozn. skratiek 
650 0 7 |a eutanázia  |2 SNKPH  |9 3782 
650 0 7 |a hospicová starostlivosť  |2 SNKPH  |9 28603 
650 0 7 |a umierajúci  |2 SNKPH  |9 49853 
650 0 7 |a Euthanasia  |2 SNKPHeng  |9 331899 
650 0 7 |a Hospice care  |2 SNKPHeng  |9 331898 
650 0 7 |a Dying  |2 SNKPHeng  |9 327853 
651 7 |a Slovensko  |2 SNKPH  |9 14231 
651 7 |a Slovakia  |2 SNKPHeng  |9 92630 
655 7 |a monografie  |2 SNKPH  |9 70139 
655 7 |a Monographs  |2 SNKPHeng  |9 120675 
919 |a 978-80-8084-632-9 
958 |a NB 
958 |a OND 
968 |d 36 
999 |c 922530  |d 924460 
952 |a SNK  |b SNK  |y PREZ  |7 0  |p 17A0834080  |o snkSC 147527  |i snk2011/24653  |8 0  |0 0  |1 0  |4 0  |d 2011-12-16  |l 0  |r 2025-07-16 00:00:00  |w 2026-02-24 
952 |a SNK  |b SNK  |y VYP  |7 0  |p 17A0834079  |o snkSC 147527 D1  |i snk2011/24654  |8 0  |0 0  |1 0  |4 0  |d 2011-12-16  |l 0  |r 2026-02-24 08:20:46  |w 2026-02-24